000 00615nam a2200241 i 4500
001 C2-0088572
003 PPAK
005 20180727091453.0
008 970507s1991 nyu |||| ||||| | eng d
020 _a0671733036
040 _aPPAK
_beng
_cPPAK
_erda
082 0 4 _a823
_223
090 0 0 _a823
_bOSH
_dG
100 1 _aO'shea, James,
_eauthor
245 1 4 _aThe daisy chain
264 1 _aNew York :
_bPocket Books ,
_c1991
300 _aix, 351 pages ;
_c24 cm
336 _2rdacontent
_atext
337 _2rdamedia
_aunmediated
338 _2rdacarrier
_avolume
650 1 0 _aEnglish fiction
942 _ddc
_cB
999 _c18248
_d18248